Bài tập cơ học lượng tử

VL VâÌ£t lý lượng tử 1

Enregistré dans:
Détails bibliographiques
Auteur principal: Hoàng, Dũng
Format: Livre
Langue:Undetermined
Publié: TP.HCM Đại học Quốc gia TP.HCM 2002
Sujets:
Accès en ligne:http://lrc.tdmu.edu.vn/opac/search/detail.asp?aID=2&ID=4055
Tags: Ajouter un tag
Pas de tags, Soyez le premier à ajouter un tag!
Thư viện lưu trữ: Trung tâm Học liệu Trường Đại học Thủ Dầu Một
LEADER 00672nam a2200205Ia 4500
001 TDMU_4055
008 210410s9999 xx 000 0 und d
082 |a 530.12 
090 |b H6508 
100 |a Hoàng, Dũng 
245 0 |a Bài tập cơ học lượng tử 
245 0 |c Hoàng Dũng 
260 |a TP.HCM 
260 |b Đại học Quốc gia TP.HCM 
260 |c 2002 
300 |a 392tr. 
520 |a VL VâÌ£t lý lượng tử 1 
650 |a Cơ học lượng tử  |v Bài tập 
856 |u http://lrc.tdmu.edu.vn/opac/search/detail.asp?aID=2&ID=4055 
980 |a Trung tâm Học liệu Trường Đại học Thủ Dầu Một